العنكبوت / (رقم التسجيلة. 34026)

تفاصيل مارك
000 -LEADER
fixed length control field 00444nam a22001697a 4500
005 - DATE AND TIME OF LATEST TRANSACTION
control field 20251108165905.0
008 - FIXED-LENGTH DATA ELEMENTS--GENERAL INFORMATION
fixed length control field 250721s1984 xx 000 0 ara d
082 14 - DEWEY DECIMAL CLASSIFICATION NUMBER
Classification number ط/595.76/روب
100 1# - MAIN ENTRY--PERSONAL NAME
Personal name روبن، ماري
245 10 - TITLE STATEMENT
Title العنكبوت /
264 1# - PRODUCTION, PUBLICATION, DISTRIBUTION, MANUFACTURE, AND COPYRIGHT NOTICE
Place of production, publication, distribution, manufacture جنيف :
Name of producer, publisher, distributor, manufacturer ميدليفانت،
Date of production, publication, distribution, manufacture, or copyright notice 1984.
300 ## - PHYSICAL DESCRIPTION
Extent 23ص
490 0# - SERIES STATEMENT
Series statement زدني قربا
650 17 - SUBJECT ADDED ENTRY--TOPICAL TERM
Topical term or geographic name as entry element العنكبوتيات(صف)
942 ## - ADDED ENTRY ELEMENTS (KOHA)
Source of classification or shelving scheme Dewey Decimal Classification
Koha item type كتب
المقتنيات
حالة السحب حالة الفقدان مصدر التصنيف حالة التلف غير قابل للإعارة المكتبة الرئيسية المكتبة الحالية موقع الرف تاريخ التزويد الرقم المتسلسل Total Checkouts رقم الإستدعاء تاريخ آخر ظهور تاريخ الفاتورة نوع المادة (كوها) الباركود
    Dewey Decimal Classification     مكتبة البشائر للأطفال مكتبة البشائر للأطفال الإعارة 27/05/2015 257777   ط/595.76/روب 28/07/2025 27/05/2015 كتب PLD00326286
    Dewey Decimal Classification     مكتبة الاميرة بديعة مكتبة الاميرة بديعة الأطفال 15/07/2015 [1485].   ط/595.76/روب 28/07/2025 15/07/2015 كتب PLD00337975
    Dewey Decimal Classification Unchecked   مكتبة الجويدة مكتبة الجويدة الأطفال 06/07/2004 1419   ط/595.76/روب 28/07/2025 06/07/2004 كتب  
    Dewey Decimal Classification Unchecked   مكتبة الحسن العامة مكتبة الحسن العامة الأطفال 06/07/2004 212   ط/595.76/روب 28/07/2025 06/07/2004 كتب  
    Dewey Decimal Classification     مكتبة صويلح العامة مكتبة صويلح العامة الأطفال 15/07/2019 004569   ط/595.76/روب 28/07/2025 15/07/2019 كتب PLD00457567
Implemented & Customized by: BBB with SCIT (Smart Chains for Information Technology)

Powered by Koha